00446cam a2200157ua 450000100060000000800390000602000180004504000090006308200130007210000310008524500980011625000120021426000280022630000100025465300240026410859190412n ii |||gr||||Z||||||eng a9879332518001 cMAIN a332.0954 abharati V Pathak,eAuthor. aThe indian financial system : bMarkets, institutions and services / cBy Bharati V Pathak .  a4th ed. aNoida:bPearson,c2017. a836p. aFinancial economics